[Event "ESP-ch U14"]
[Site "Salobrena"]
[Date "2022.07.20"]
[Round "5"]
[White "Martino Girones, Gonzalo"]
[Black "Prada Villagrasa, Pau Manel"]
[Result "0-1"]
[WhiteElo "1732"]
[BlackElo "1898"]
[PlyCount "50"]
[EventDate "2022.07.18"]
[EventType "swiss"]
[EventRounds "9"]
[EventCountry "ESP"]
[SourceTitle "EXT 2023"]
[Source "ChessBase"]
[SourceDate "2022.10.05"]
[SourceVersion "1"]
[SourceVersionDate "2022.10.05"]
[SourceQuality "1"]

1. d4 Nf6 2. Nf3 b6 3. c4 Bb7 4. e3 e6 5. Nc3 d5 6. Bd3 Bd6 7. 0-0 0-0 8. b3 a6 9. Qe2 Nbd7 10. e4 dxe4 11. Nxe4 Nxe4 12. Bxe4 Bxe4 13. Qxe4 Nf6 14. Qe2 c5 15. dxc5 Bxc5 16. Bg5 Qc7 17. Rad1 Nd7 18. Rd3 Bb4 19. Nd4 Qc5 20. Nxe6 fxe6 21. Qxe6+ Kh8 22. Rd5 Rae8 23. Qxd7 Qxf2+ 24. Rxf2 Re1+ 25. Rf1 Rexf1# 0-1

[Event "ESP-ch U14"]
[Site "Salobrena"]
[Date "2022.07.18"]
[Round "1"]
[White "Cabanas Lopez, Eduardo"]
[Black "Prada Villagrasa, Pau Manel"]
[Result "1-0"]
[WhiteElo "1444"]
[BlackElo "1898"]
[PlyCount "119"]
[EventDate "2022.07.18"]
[EventType "swiss"]
[EventRounds "9"]
[EventCountry "ESP"]
[SourceTitle "EXT 2023"]
[Source "ChessBase"]
[SourceDate "2022.10.05"]
[SourceVersion "1"]
[SourceVersionDate "2022.10.05"]
[SourceQuality "1"]

1. d4 d5 2. Nf3 Nf6 3. e3 e6 4. Bd3 b6 5. b3 Bb7 6. Bb2 Nbd7 7. Nbd2 c5 8. 0-0 Be7 9. Re1 0-0 10. e4 dxe4 11. Nxe4 Nd5 12. Qd2 Qc7 13. Ne5 Rad8 14. Ng5 N7f6 15. Nexf7 Rxf7 16. Nxe6 Qd6 17. Nxd8 Ng4 18. g3 Rxf2 19. Nxb7 Qc6 20. Re2 Nf4 21. Rxf2 Nh3+ 22. Kf1 Ngxf2 23. d5 Qxb7 24. Bc4 Bg5 25. d6+ Kf8 26. Qd5 Qxd5 27. Bxd5 Ng4 28. Be6 h5 29. Bxg4 hxg4 30. Rd1 Bd8 31. Bc1 Ke8 32. d7+ Ke7 33. Ke2 Ke6 34. Be3 a6 35. Kf1 g6 36. Bf4 Ke7 37. Kg2 a5 38. Bc1 Ke6 39. a3 Ke5 40. c3 b5 41. b4 axb4 42. axb4 cxb4 43. cxb4 Ke4 44. Re1+ Kd3 45. Re8 Bb6 46. d8Q+ Bxd8 47. Rxd8+ Kc3 48. Bd2+ Kc4 49. Rd6 g5 50. Be1 Nf4+ 51. gxf4 gxf4 52. h4 gxh3+ 53. Kxh3 f3 54. Kg3 f2 55. Kxf2 Kb3 56. Rd5 Ka4 57. Rc5 Kb3 58. Rxb5 Kc2 59. Rc5+ Kd1 60. Ke3 1-0

[Event "ESP-ch U12"]
[Site "Salobrena"]
[Date "2021.07.05"]
[Round "1"]
[White "Rodriguez Antequera, Biel"]
[Black "Prada Villagrasa, Pau Manel"]
[Result "0-1"]
[WhiteElo "1163"]
[BlackElo "1605"]
[PlyCount "172"]
[EventDate "2021.07.05"]
[EventType "swiss"]
[EventRounds "9"]
[EventCountry "ESP"]
[SourceTitle "EXT 2022"]
[Source "ChessBase"]
[SourceDate "2021.10.06"]
[SourceVersion "1"]
[SourceVersionDate "2021.10.06"]
[SourceQuality "1"]

1. d4 d5 2. c4 e6 3. Nf3 Nf6 4. Nc3 a6 5. a4 Bb4 6. Qc2 Nc6 7. e3 0-0 8. Bd3 Ba5 9. 0-0 Nb4 10. Qb1 b6 11. e4 Nxd3 12. Qxd3 Bxc3 13. Qxc3 Nxe4 14. Qd3 c5 15. dxc5 Nxc5 16. Qc2 Bb7 17. cxd5 Qxd5 18. Rd1 Qb3 19. Qe2 Bxf3 20. gxf3 Rfd8 21. Be3 Rxd1+ 22. Rxd1 Nxa4 23. Bd4 Qb5 24. Qc2 Nc5 25. Bxc5 Qxc5 26. Qd3 b5 27. Qd7 Qc8 28. Qe7 h6 29. Rd4 Qc1+ 30. Kg2 Qg5+ 31. Qxg5 hxg5 32. Rd6 a5 33. Rd3 a4 34. Rd4 a3 35. bxa3 Rxa3 36. Rd8+ Kh7 37. Rb8 Rb3 38. h3 Kg6 39. Rb7 f6 40. Rb6 Kf5 41. Rb7 g6 42. Rb8 e5 43. Rb6 b4 44. Rb8 Rb1 45. Rb7 b3 46. Rb8 e4 47. Rb5+ Kf4 48. Rb4 f5 49. fxe4 fxe4 50. Rb8 g4 51. hxg4 Kxg4 52. Rb6 g5 53. Rb7 Rb2 54. Kf1 Kf5 55. Rb8 Rb1+ 56. Kg2 Ke5 57. Rb7 Kd4 58. Rb8 Kc3 59. Re8 Re1 60. Rc8+ Kb2 61. Ra8 Ra1 62. Rb8 Ra5 63. Rb4 Ka2 64. Rxe4 b2 65. Re2 Ka1 66. Re1+ b1Q 67. Rxb1+ Kxb1 68. Kg3 Kc2 69. Kg4 Kd3 70. f4 gxf4 71. Kxf4 Kd4 72. Kf3 Ke5 73. Ke3 Ra3+ 74. Ke2 Ke4 75. Kd2 Rh3 76. Kc2 Kd4 77. Kb2 Kc4 78. Ka2 Kb4 79. Kb2 Rh2+ 80. Kc1 Kc3 81. Kd1 Ra2 82. Ke1 Kd3 83. Kf1 Ke3 84. Kg1 Kf3 85. Kh1 Kg3 86. Kg1 Ra1# 0-1

[Event "Salou Salauris op 1st"]
[Site "Salou"]
[Date "2021.06.25"]
[Round "2"]
[White "Saldana Portella, Eric"]
[Black "Prada Villagrasa, Pau Manel"]
[Result "0-1"]
[WhiteElo "1072"]
[BlackElo "1591"]
[PlyCount "90"]
[EventDate "2021.06.25"]
[EventType "swiss"]
[EventRounds "7"]
[EventCountry "ESP"]
[SourceTitle "CBM 203 Extra"]
[Source "ChessBase"]
[SourceDate "2021.09.30"]
[SourceVersion "1"]
[SourceVersionDate "2021.09.30"]
[SourceQuality "1"]

1. e4 e6 2. d4 d5 3. Nc3 Nf6 4. e5 Nfd7 5. Bd3 c5 6. Nge2 Nc6 7. dxc5 Bxc5 8. Be3 d4 9. Bxd4 Nxd4 10. Nxd4 Bxd4 11. Bb5 Qb6 12. Bxd7+ Bxd7 13. Qf3 Qxb2 14. Kd2 Bxc3+ 15. Qxc3 Qxc3+ 16. Kxc3 Rc8+ 17. Kb2 0-0 18. Rad1 Ba4 19. Rc1 Rc6 20. Kb1 Rb6+ 21. Ka1 Bc6 22. Rhg1 Rc8 23. f4 Ra6 24. c4 Be4 25. g3 Rac6 26. Rge1 Rxc4 27. Rxc4 Rxc4 28. Rd1 Bd5 29. f5 Rc2 30. h4 Rxa2+ 31. Kb1 Rg2 32. fxe6 fxe6 33. Rc1 Rxg3 34. Rc8+ Kf7 35. Rc7+ Kg6 36. Kc2 a5 37. Rc8 Rg4 38. Ra8 a4 39. Kb2 b5 40. Ra5 Rb4+ 41. Kc3 Rb3+ 42. Kc2 a3 43. Kc1 b4 44. Kc2 Kf5 45. Rxd5 Rb2+ 0-1